ბათუმის შოთა რუსთაველის სახელმწიფო უნივერსიტეტის ბიბლიოთეკა

წმინდა თამარ მეფე. წ.1 (ბიბ.ჩანაწერი № 43403)

000 -LEADER
fixed length control field 00721nam a2200217Ia 4500
001 - CONTROL NUMBER
control field 10131
003 - CONTROL NUMBER IDENTIFIER
control field GE_BSU
008 - FIXED-LENGTH DATA ELEMENTS--GENERAL INFORMATION
fixed length control field 181216s||||||||xx |||||||||||||| ||und||
020 ## - INTERNATIONAL STANDARD BOOK NUMBER
International Standard Book Number 978994121556
040 ## - CATALOGING SOURCE
Transcribing agency GE_BSU
080 ## - UNIVERSAL DECIMAL CLASSIFICATION NUMBER
Universal Decimal Classification number 27-36(479.22)+94(479.22)
245 ## - TITLE STATEMENT
Title წმინდა თამარ მეფე. წ.1
245 ## - TITLE STATEMENT
Statement of responsibility, etc. პროექტის რედ. თამარ მამაცაშვილი.შემდგ. კახაბერ კენკიშვილი
260 ## - PUBLICATION, DISTRIBUTION, ETC.
Place of publication, distribution, etc. თბილისი
260 ## - PUBLICATION, DISTRIBUTION, ETC.
Name of publisher, distributor, etc. პალიტრა L
260 ## - PUBLICATION, DISTRIBUTION, ETC.
Date of publication, distribution, etc. 2014
300 ## - PHYSICAL DESCRIPTION
Extent 214გვ.20სმ.
653 ## - INDEX TERM--UNCONTROLLED
Uncontrolled term წმინდა თამარ მეფე
942 ## - ADDED ENTRY ELEMENTS (KOHA)
Koha item type წიგნი
ეგზემპლარები
Withdrawn status Lost status Damaged status Not for loan Date acquired Barcode Date last seen Price effective from Koha item type
        2018-12-17 18709 2018-12-17 2018-12-17 წიგნი